00450nam a2200157Ia 4500003000400000008004100004040001600045082001600061100001900077245007800096700002200174260003900196300000800235650002800243650002100271GCL140319s9999 xx 000 0 eng d aGCL / cGCL04a338.19bG F1 aGREENFIELD, H10aFOOD COMPOSITION DATA: PRODUCTION MANAGEMENT AND U S E / cGREENFIELD, H1 aSOUTHGATE, D.A.T. a[S.N] : bCHAPMAN & HALL ، c1993 a24304aFOOD INDUSTRY AND TRADE04aFOOD COMPOSITION